[Event "Berlin Lieb Memorial 5th"]
[Site "Berlin"]
[Date "2019.06.21"]
[Round "7"]
[White "Heerde, Thomas"]
[Black "Kunze, Martin"]
[Result "1-0"]
[WhiteElo "2027"]
[BlackElo "2135"]
[PlyCount "93"]
[EventDate "2019.05.03"]
[EventType "swiss"]
[EventRounds "7"]
[EventCountry "GER"]
[SourceTitle "EXT 2020"]
[Source "ChessBase"]
[SourceDate "2019.10.17"]
[SourceVersion "1"]
[SourceVersionDate "2019.10.17"]
[SourceQuality "1"]

1. e4 e6 2. d3 d5 3. Qe2 dxe4 4. dxe4 b6 5. Nf3 Ba6 6. c4 Bc5 7. Nc3 Nc6 8. Bf4 Bb4 9. Qc2 Bb7 10. Rd1 Qe7 11. a3 Bxc3+ 12. Qxc3 Qf6 13. Qc1 e5 14. Bg3 Nge7 15. b4 Ng6 16. c5 a6 17. cxb6 cxb6 18. Qe3 Nd8 19. h4 h5 20. Be2 0-0 21. 0-0 Re8 22. Nd2 Nf4 23. Nc4 Re6 24. Bf3 Ng6 25. Bxh5 Rc8 26. Nd2 Rec6 27. Bxg6 fxg6 28. Nf3 Nf7 29. Ng5 Rc3 30. Rd3 R3c4 31. Nxf7 Qxf7 32. f3 a5 33. bxa5 R4c5 34. axb6 Ba6 35. a4 Bxd3 36. Qxd3 Qb7 37. Bf2 Ra5 38. Kh2 Kh7 39. Ra1 Rca8 40. Qc2 Rc8 41. Qb3 Rb8 42. Rc1 Qd7 43. Ra1 Rb7 44. Qb4 Ra6 45. a5 Qd3 46. Qb2 Qd6 47. Qb5 1-0

[Event "Berlin Werner Ott op"]
[Site "Berlin"]
[Date "2018.07.08"]
[Round "9"]
[White "Foerster, Jonas"]
[Black "Heerde, Thomas"]
[Result "1-0"]
[WhiteElo "2284"]
[BlackElo "2010"]
[PlyCount "57"]
[EventDate "2018.06.30"]
[EventType "swiss"]
[EventRounds "9"]
[EventCountry "GER"]
[SourceTitle "CBM 185 Extra"]
[Source "ChessBase"]
[SourceDate "2018.07.29"]
[SourceVersion "1"]
[SourceVersionDate "2018.07.29"]
[SourceQuality "1"]

1. d4 Nf6 2. c4 c5 3. d5 b5 4. Nf3 b4 5. Qc2 g6 6. e4 d6 7. Bd3 Nbd7 8. h3 Bg7 9. Bf4 0-0 10. 0-0 Ne8 11. Nbd2 a5 12. Rfe1 Ne5 13. Nxe5 dxe5 14. Be3 Nd6 15. Bxc5 f5 16. a3 Rb8 17. axb4 axb4 18. Ba7 b3 19. Qc3 fxe4 20. Nxe4 Rb7 21. c5 Nxe4 22. Bxe4 Bf5 23. c6 Rxa7 24. Rxa7 Bxe4 25. Rxe4 Qxd5 26. Qc4 e6 27. c7 Rc8 28. Qxd5 exd5 29. Rb4 1-0

[Event "Berlin Eckbauer op 20th"]
[Site "Berlin"]
[Date "2017.10.09"]
[Round "1"]
[White "Zimmer, Michel"]
[Black "Heerde, Thomas"]
[Result "0-1"]
[WhiteElo "1606"]
[BlackElo "2008"]
[PlyCount "80"]
[EventDate "2017.10.09"]
[EventType "swiss"]
[EventRounds "7"]
[EventCountry "GER"]
[SourceTitle "CBM 189 Extra"]
[Source "ChessBase"]
[SourceDate "2019.06.03"]
[SourceVersion "1"]
[SourceVersionDate "2019.06.03"]
[SourceQuality "1"]

1. d4 Nf6 2. Bf4 g6 3. Nc3 d5 4. e3 Bg7 5. Bd3 0-0 6. h3 c5 7. dxc5 Nc6 8. Nf3 Re8 9. Ne5 Nh5 10. Nxc6 bxc6 11. Bh2 e5 12. Be2 Rb8 13. Na4 Qg5 14. g4 Nf6 15. Bf3 Nd7 16. c3 Ba6 17. Be2 Bb7 18. Bg3 Rbd8 19. h4 Qe7 20. b4 d4 21. cxd4 exd4 22. Bd6 Qe6 23. Rc1 dxe3 24. f3 Qxa2 25. Bc7 Nxc5 26. Bxd8 Qd2+ 27. Kf1 Nxa4 28. Bg5 Nc3 29. Rxc3 Qxd1+ 30. Bxd1 Bxc3 31. Be2 Bxb4 32. Bf6 c5 33. h5 Bd5 34. hxg6 fxg6 35. Bb5 Re6 36. g5 c4 37. Ke2 c3 38. Ra1 a6 39. Bxa6 Rxa6 40. Rxa6 Bc4+ 0-1

[Event "Berlin Cup"]
[Site "Berlin"]
[Date "2017.09.28"]
[Round "4"]
[White "Nohr, Jonas"]
[Black "Heerde, Thomas"]
[Result "1/2-1/2"]
[WhiteElo "2132"]
[BlackElo "2008"]
[PlyCount "115"]
[EventDate "2017.09.14"]
[EventType "k.o."]
[EventRounds "6"]
[EventCountry "GER"]
[SourceTitle "CBM 189 Extra"]
[Source "ChessBase"]
[SourceDate "2019.06.03"]
[SourceVersion "1"]
[SourceVersionDate "2019.06.03"]
[SourceQuality "1"]

1. f4 Nf6 2. Nf3 g6 3. e3 Bg7 4. d4 0-0 5. Bd3 b6 6. 0-0 Bb7 7. Qe2 d5 8. Nbd2 c5 9. c3 Ne4 10. Ne5 f6 11. Nef3 c4 12. Bc2 Nd7 13. Nxe4 dxe4 14. Nd2 f5 15. Qxc4+ Kh8 16. Bb3 a5 17. Qe2 b5 18. a4 bxa4 19. Bxa4 Nf6 20. Bb5 g5 21. fxg5 Nd5 22. c4 Nb4 23. Nb3 Nd3 24. c5 e5 25. c6 Bc8 26. Bd2 Qd5 27. Bxd3 exd3 28. Qxd3 Ba6 29. Qc3 Bxf1 30. Rxf1 a4 31. Nc1 exd4 32. Qc2 Qe4 33. Qd3 dxe3 34. Bxe3 Bxb2 35. Rf4 Qxc6 36. Rc4 Qe6 37. Bd4+ Bxd4+ 38. Qxd4+ Kg8 39. h4 Rac8 40. Rxc8 Rxc8 41. Nd3 a3 42. Nc5 Rxc5 43. Qxc5 a2 44. Qc3 f4 45. Kh2 Kf7 46. h5 Qa6 47. Qb3+ Ke7 48. Qb4+ Kd7 49. Qd4+ Kc6 50. Qf6+ Kb7 51. Qf7+ Kb6 52. Qf6+ Ka5 53. Qc3+ Kb5 54. Qd3+ Kb6 55. Qd6+ Kb7 56. Qd5+ Kc7 57. Qf7+ Kb6 58. Qf6+ 1/2-1/2

[Event "Berlin Lichtenrade op 12th"]
[Site "Berlin"]
[Date "2016.10.27"]
[Round "6"]
[White "Fanin, Erik"]
[Black "Heerde, Thomas"]
[Result "0-1"]
[WhiteElo "1832"]
[BlackElo "2044"]
[PlyCount "108"]
[EventDate "2016.10.22"]
[EventType "swiss"]
[EventRounds "9"]
[EventCountry "GER"]
[SourceTitle "EXT 2018"]
[Source "ChessBase"]
[SourceDate "2017.10.13"]
[SourceVersion "1"]
[SourceVersionDate "2017.10.13"]
[SourceQuality "1"]

1. e4 d6 2. d4 Nf6 3. Nc3 g6 4. h3 Bg7 5. Bc4 0-0 6. Nf3 Nc6 7. Be3 Nxe4 8. Nxe4 d5 9. Bd3 dxe4 10. Bxe4 f5 11. Bxc6 bxc6 12. Qd2 c5 13. Bh6 cxd4 14. Bxg7 Kxg7 15. Qxd4+ Qxd4 16. Nxd4 e5 17. Nb3 a5 18. 0-0-0 Rf6 19. Rhe1 e4 20. Rd8 a4 21. Nd2 Rd6 22. Rxd6 cxd6 23. Nc4 Be6 24. Nxd6 Bxa2 25. Re3 Ra6 26. Nb5 Bc4 27. Na3 Bf1 28. g4 Kf6 29. f4 exf3 30. Rxf3 Bg2 31. Rg3 Be4 32. g5+ Ke5 33. h4 Kf4 34. Rg1 Rc6 35. c3 Kf3 36. Nb5 Kf2 37. Rd1 Kg3 38. Rd7 Kxh4 39. Rxh7+ Kxg5 40. Nd4 Ra6 41. c4 Kg4 42. c5 g5 43. Rd7 Ra5 44. Rc7 f4 45. Kd2 a3 46. bxa3 Rxa3 47. Ne6 Bf5 48. Ng7 Rd3+ 49. Ke2 f3+ 50. Ke1 Re3+ 51. Kf2 Re2+ 52. Kf1 Bd3 53. Rd7 Bc4 54. c6 Ra2+ 0-1

[Event "Berlin Cup KO"]
[Site "Berlin"]
[Date "2016.09.29"]
[Round "4.2"]
[White "Heerde, Thomas"]
[Black "Krefenstein, Sergej"]
[Result "0-1"]
[WhiteElo "2009"]
[BlackElo "2096"]
[PlyCount "82"]
[EventDate "2016.09.08"]
[EventType "k.o."]
[EventRounds "5"]
[EventCountry "GER"]
[SourceTitle "EXT 2022"]
[Source "ChessBase"]
[SourceDate "2021.10.06"]
[SourceVersion "1"]
[SourceVersionDate "2021.10.06"]
[SourceQuality "1"]

1. e4 e6 2. d3 d5 3. Nd2 Nf6 4. Ngf3 c5 5. g3 Nc6 6. Bg2 g6 7. 0-0 Bg7 8. exd5 Nxd5 9. Ne4 b6 10. a3 0-0 11. c4 Nde7 12. Rb1 a5 13. h4 h6 14. Ne1 Ra7 15. Bd2 Ne5 16. Qc1 Kh7 17. b4 cxb4 18. axb4 Nf5 19. bxa5 bxa5 20. Qa3 Nd4 21. Bb4 f5 22. Bc5 Ra6 23. Nd6 Rxd6 24. Bxd6 Rf7 25. c5 f4 26. Qa2 f3 27. Bh3 h5 28. Rb8 Rf4 29. Rxc8 Qxc8 30. gxf4 Qd8 31. Bxe5 Qxh4 32. Bxd4 Qxh3 33. Nxf3 Qxf3 34. Qxe6 Bxd4 35. Kh2 Qxf4+ 36. Kh3 Qf3+ 37. Kh2 Qf4+ 38. Kg2 Qg5+ 39. Kh3 Bxc5 40. Rg1 Qxg1 41. f3 h4 0-1

[Event "Berlin Kreuzberg op"]
[Site "Berlin"]
[Date "2016.07.24"]
[Round "9"]
[White "Heerde, Thomas"]
[Black "Gebigke, Martin"]
[Result "1-0"]
[WhiteElo "2006"]
[BlackElo "2141"]
[PlyCount "87"]
[EventDate "2016.07.16"]
[EventType "swiss"]
[EventRounds "9"]
[EventCountry "GER"]
[SourceTitle "CBM 173 Extra"]
[Source "ChessBase"]
[SourceDate "2016.08.29"]
[SourceVersion "1"]
[SourceVersionDate "2016.08.29"]
[SourceQuality "1"]

1. e4 c5 2. Nc3 Nc6 3. f4 g6 4. Nf3 Bg7 5. Bb5 Nd4 6. 0-0 Nxb5 7. Nxb5 d5 8. exd5 a6 9. Nc3 Nf6 10. d4 c4 11. Qe2 Nxd5 12. Qxc4 Nxc3 13. Qxc3 Bf5 14. Qd2 Rc8 15. c3 0-0 16. Re1 Rc7 17. Qe2 Qd5 18. Ne5 b5 19. Be3 f6 20. Nd3 a5 21. Nc5 Qc6 22. a4 Rb8 23. b4 axb4 24. cxb4 Rcc8 25. a5 h5 26. a6 Ra8 27. Bf2 Bf8 28. Qa2+ Kg7 29. d5 Qd6 30. g3 Rc7 31. Qa5 e5 32. fxe5 fxe5 33. Rad1 Re7 34. Qxb5 Rb8 35. Qc4 Kh7 36. Nb7 Rexb7 37. axb7 Rxb7 38. Bc5 Qc7 39. d6 Qc6 40. Rxe5 Rd7 41. Qd5 Qb5 42. Re8 Bg7 43. h4 Bg4 44. Rde1 1-0

[Event "Berlin Kreuzberg op"]
[Site "Berlin"]
[Date "2016.07.17"]
[Round "2"]
[White "Heerde, Thomas"]
[Black "Von Herman, Ulf"]
[Result "0-1"]
[WhiteElo "2006"]
[BlackElo "2341"]
[PlyCount "120"]
[EventDate "2016.07.16"]
[EventType "swiss"]
[EventRounds "9"]
[EventCountry "GER"]
[SourceTitle "CBM 173 Extra"]
[Source "ChessBase"]
[SourceDate "2016.08.29"]
[SourceVersion "1"]
[SourceVersionDate "2016.08.29"]
[SourceQuality "1"]

1. Nf3 Nf6 2. g3 g6 3. Bg2 Bg7 4. 0-0 0-0 5. c4 d5 6. cxd5 Nxd5 7. Nc3 Nb6 8. d3 Nc6 9. a3 h6 10. Qc2 Bg4 11. Be3 e5 12. Rac1 Nd4 13. Bxd4 exd4 14. Ne4 c6 15. h3 Bf5 16. Nc5 Qc7 17. Nd2 Rae8 18. Nde4 Bc8 19. g4 Nd5 20. Rfe1 Nf4 21. Bf1 h5 22. e3 Nd5 23. g5 Qd8 24. Kh1 Re7 25. Bg2 Rfe8 26. Qd2 Be5 27. Nb3 dxe3 28. fxe3 Bf5 29. Nd4 Bxe4 30. Bxe4 Bxd4 31. exd4 Nc7 32. Rc4 Rd7 33. Qa5 a6 34. h4 Re6 35. a4 Red6 36. Qe5 Rxd4 37. b3 R4d6 38. Rf1 Nd5 39. Qg3 Re6 40. Qf3 Qe7 41. Rd4 Nb6 42. Qf2 Nc8 43. b4 Rxd4 44. Qxd4 Nd6 45. Rf4 Qd7 46. Kg2 Re7 47. Bxg6 fxg6 48. Qf6 Kh7 49. Rd4 Re6 50. Qf8 Qf7 51. Qxf7+ Nxf7 52. Rd7 Kg7 53. Rxb7 Rd6 54. Rb6 Rd4 55. Kg3 Rxd3+ 56. Kf4 Rd4+ 57. Ke3 Rxh4 58. Kd3 Rg4 59. Kc3 h4 60. Rxc6 h3 0-1